| 000 | 00516nam a2200181Ia 4500 | ||
|---|---|---|---|
| 003 | GCL | ||
| 008 | 140319s9999 xx 000 0 eng d | ||
| 040 |
_aGCL / _cGCL |
||
| 082 | 0 | 4 |
_a621.3822 _bC P |
| 100 | 1 | _aCHRISTOPOULOS, CHRISTOS | |
| 245 | 1 | 0 |
_aPRINCIPLES AND TECHNIQUES OF ELECTROMAGNETIC COMPATIBILITY / _cCHRISTOPOULOS, CHRISTOS |
| 260 |
_a[S.N] : _bCRC PRESS ، _c1995 |
||
| 300 | _a311 P | ||
| 650 | 0 | 4 | _aELECTRIC CIRCUIT |
| 650 | 0 | 4 | _aNOISE |
| 650 | 0 | 4 | _aELECTROMAGTIC COMPATIBILITY |
| 942 |
_2ddc _cBK |
||
| 999 |
_c12259 _d12259 |
||